Central Library OPAC University of Rajshahi

Maintaining momentum to 2015? : (Record no. 73969)

MARC details
000 -LEADER
fixed length control field 01389nam a22003371a 4500
001 - CONTROL NUMBER
control field 73969
003 - CONTROL NUMBER IDENTIFIER
rucl marc code BD-RjUL
005 - DATE AND TIME OF LATEST TRANSACTION
control field 20211209082452.0
008 - FIXED-LENGTH DATA ELEMENTS--GENERAL INFORMATION
fixed length control field 031217s2005 dcua b 000 0 eng
020 ## - INTERNATIONAL STANDARD BOOK NUMBER
International Standard Book Number 082136376X
035 ## - SYSTEM CONTROL NUMBER
System control number (BD-RjUL)74187
040 ## - CATALOGING SOURCE
Original cataloging agency DLC
Transcribing agency DLC
Modifying agency YDX
-- BAKER
-- OCLCQ
-- DLC
-- BD-RjUL
Language of cataloging eng
041 ## - LANGUAGE CODE
Language code of text/sound track or separate title eng
082 00 - DEWEY DECIMAL CLASSIFICATION NUMBER
Classification number 362.19892
Edition number 22
Author mark and year WHM 2005
100 1# - MAIN ENTRY--PERSONAL NAME
Personal name White, Howard,
Dates associated with a name 1960-
9 (RLIN) 219603
245 10 - TITLE STATEMENT
Title Maintaining momentum to 2015? :
Remainder of title an impact evaluation of interventions to improve maternal and child health and nutrition in Bangladesh /
Statement of responsibility, etc. Howard White
260 ## - PUBLICATION, DISTRIBUTION, ETC. (IMPRINT)
Place of publication, distribution, etc. Washington, D.C. :
Name of publisher, distributor, etc. World Bank,
Date of publication, distribution, etc. 2005.
300 ## - PHYSICAL DESCRIPTION
Pagination xxiv, 224 p. :
Illustrations ill. ;
Size 28 cm.
504 ## - BIBLIOGRAPHY, ETC. NOTE
Bibliography, etc Includes bibliographical references (p. 219-224).
650 #0 - SUBJECT ADDED ENTRY--TOPICAL TERM
Topical term or geographic name as entry element Children
General subdivision Health and hygiene
Geographic subdivision Bangladesh.
9 (RLIN) 219604
Topical term or geographic name as entry element Mothers
General subdivision Health and hygiene
Geographic subdivision Bangladesh.
9 (RLIN) 219605
Topical term or geographic name as entry element Child health services
Geographic subdivision Bangladesh.
9 (RLIN) 219606
Topical term or geographic name as entry element Maternal health services
Geographic subdivision Bangladesh.
9 (RLIN) 219607
Topical term or geographic name as entry element Nutrition policy
Geographic subdivision Bangladesh
General subdivision Evaluation.
9 (RLIN) 219608
Topical term or geographic name as entry element Medical policy
Geographic subdivision Bangladesh
General subdivision Evaluation.
9 (RLIN) 219609
Topical term or geographic name as entry element Fertility, Human
Geographic subdivision Bangladesh.
9 (RLIN) 219610
651 #0 - SUBJECT ADDED ENTRY--GEOGRAPHIC NAME
Geographic name Health status indicators
Geographic subdivision Bangladesh.
9 (RLIN) 219611
856 41 - ELECTRONIC LOCATION AND ACCESS
Materials specified Table of contents only
Uniform Resource Identifier <a href="http://www.loc.gov/catdir/toc/fy0610/2005051152.html">http://www.loc.gov/catdir/toc/fy0610/2005051152.html</a>
942 ## - ADDED ENTRY ELEMENTS (KOHA)
Source of classification or shelving scheme Dewey Decimal Classification
Koha item type Books
Holdings
Lost status Source of classification or shelving scheme Damaged status Not for loan Collection code Permanent Location Current Location Shelving location Date acquired Source of acquisition Total Checkouts Full call number Date last seen Copy number Koha item type
  Dewey Decimal Classification   Not For Loan Non-fiction Central Library, University of Rajshahi Central Library, University of Rajshahi Reading Room 09/12/2021 Author   362.19892 WHM 2005 04/12/2017 C-1 Books
  Dewey Decimal Classification     Non-fiction Central Library, University of Rajshahi Central Library, University of Rajshahi   09/12/2021 Author   362.19892 WHM 2005 04/12/2017 C-2 Books